000 00429cam a2200181ua 4500
020 _c3.00
041 _ahin
_h
082 _a891.54
_bMAS/GE
100 _aMashruvala, .
245 _aGeeta manthan /
_cMashruvala.
_hTextual Documents
250 _a1 /
_b.
260 _aAhmadabad :
_bNavajivan publishing house ,
_c1958.
300 _a334 ; .
365 _a3.00
504 _a
942 _cBK
999 _c3757
_d3757